AC Milan : 11 du XXIème siècle - Statistiques

Statistiques générales
  • Ce quiz a été pris 519 fois
  • Le résultat moyen est 11 sur 16
Statistiques - réponses
Poste Nationalité Années au club Joueurs % Correct
Défenseur Central Italien 1985-2009 Paolo Maldini
97%
Défenseur Gauche Français 2019- Théo Hernandez
97%
Remplaçant Suédois 2010-2012/2020-2023 Zlatan Ibrahimovic
95%
Buteur Ukrainien 1999-2009 Andriy Shevchenko
92%
Milieu Central Italien 2001-2011 Andrea Pirlo
90%
Gardien Brésilien 2000-2010 Nelson Dida
87%
Défenseur Central Italien 2002-2012 Alessandro Nesta
82%
Défenseur Droit Brésilien 2003-2008 Cafu
82%
Second Attaquant Brésilien 2003-2009 Ricardo Kaka
77%
Buteur Italien 2001-2012 Filippo Inzaghi
73%
Milieu Central Italien 1999-2012 Gennaro Gattuso
72%
Entraîneur Italien 2001-2009 Carlo Ancelotti
69%
Milieu Central Néérlandais 2002-2012 Clarence Seedorf
69%
Remplaçant Italien 2015-2021 Gianluigi Donnarumma
28%
Remplaçant Italien 1986-2007 Alessandro Costacurta
18%
Remplaçant Italien 1995-2013 Massimo Ambrosini
18%
Aucun quiz correspondant
Distribution des résultats
% des personnes avec chaque résultat
Percentile par nombre de réponses
Votre historique - résultats
Vous n’avez pas pris ce quiz